000 01067nam a22003257a 4500
003 CHAP
005 20220329135747.0
008 971013s1962 r 00010 d
010 _a41631
011 _a42603
035 _a46732
040 _cCHAP
090 _aTesis
100 0 0 _aMuñoz Ortega, Carlos Alfonso.
_979650
245 _aIntroducción al conocimiento y daños de roedores en los pastizales del Edo. de Chihuahua
260 _aChihuahua, Chih. :
_bEl autor,
_c1962
300 _a102 p.
_b: ilus
502 _aTesis (Técnico ganadero) -- Univ. de Chihuahua. Esc. de Ganadería
590 _aALEPH
_b10
_c20130110
_lUCH01
_h1310
590 _aBATCH-UPD
_b10
_c20130110
_lUCH01
_h0123
590 _aBATCH-UPD
_b10
_c20130110
_lUCH01
_h2309
590 _aBATCH-UPD
_b10
_c20130409
_lUCH01
_h2117
590 _aBATCH-UPD
_b10
_c20130914
_lUCH01
_h1834
590 _aCONVERSION
_b10
_c20130109
_lUCH01
_h1323
650 1 4 _aPastos
_xPlagas.
_986069
650 1 4 _aRoedores.
_999027
901 _aBK
942 _cTESIS
949 _bBC
_cTES
_d-106486
_eTS1
_i46732
_si
999 _c41631
_d41631